000 01478cab a2200445 4500
001 ABS57152
008 090401t1997 xxu||||| |||| 00| 0 eng d
035 _a(Sirsi) u79192
041 _aeng
100 _aWilliams, D.
245 _aOn the mend
260 _c1997
350 _a0
490 _aEstates Gazette
_v(9725) 21 June 1997, 131-134(4)
520 _aDiscusses who should pay the cost of repair and maintenance in the light of recent case law.
650 _aBERRYMAN V HOUNSLOW LBC
650 _aBREWER V ANDREWS
650 _aBRITISH TELECOM PLC V SUN LIFE ASSURANCE SOCIETY PLC
650 _aBUSINESS TENANCIES
650 _aDilapidations
_96235
650 _aELITESTONE LTD V MORRIS
650 _aHI-LIFT ELEVATOR SERVICES V TEMPLE
650 _aJERVIS V HARRIS
650 _aLLOYD V REES
650 _aBUILT ENVIRONMENT-BUILDING MAINTENANCE AND REFURBISHMENT
650 _aMARSHALL V RUBYPOINT LTD
650 _aNOTICE OF DISREPAIR
650 _aPASSEY V WANDSWORTH LBC
650 _aPAYNE V RHYMNEYVALLEY DC
650 _aPOSTEL PROPERTIES LTD V BOOTS THE CHEMIST
650 _aREPAIR COVENANTS
650 _aREPAIRS
650 _aPROPERTY-RESIDENTIAL PROPERTY-RESIDENTIAL LANDLORD AND TENANT-RESIDENTIAL TENANCIES
650 _aTSB BANK PLC V BOTHAM
650 _aWYCOMBE AREA HEALTH AUTHORITY V BARNETT
650 _aYOUNG V DALGETY PLC
690 _aLANDLORD AND TENANT
_96252
942 _n0
948 _c25/06/1997
999 _c49782
_d49782